000 00476nam a2200181Ia 4500
001 1038
005 20260306140602.0
008 260306t1984||||xx |||||||||||||| ||spa||
041 _aESP
082 _a180
_bG95 T. 1
100 _aGuthrie, W. K. C.
_eAUT
245 0 _aHistoria de la filosofía griega:
_blos primeros presocráticos y los pitagóricos
260 _c1984
300 _a525 páginas :
_c25 cm.
650 _aGEN
654 _aCHU
942 _cLIB
_dJUS
_fJUS
_2ddc
_n
999 _c1038
_d1038